| 000 | 00600nam a2200145 a 4500 | ||
|---|---|---|---|
| 008 | 121012s2011 ||||||||||||||||| || u | ||
| 050 | _aTHESIS/PM | ||
| 100 | _aChileshe, Brian | ||
| 245 | 1 | 0 |
_aOutsourcing as a performance strategy: a case of the Konkola Copper Mines plc. _cby Brian Chileshe |
| 260 |
_aCBU, Kitwe: _bCopperbelt University _c2011 |
||
| 300 | _axii, 107p.: ill. | ||
| 500 | _aSupervised by Dr. Maliti | ||
| 650 | _aOUTSOURCING IN ORGANISATIONS | ||
| 995 |
_FCBU-MAIN LIBRARY (Kitwe) _M1 _UAVAILABLE _WOct 12, 2012 _ZUniversity Collection |
||
| 999 |
_c53024 _d53024 |
||